Význam ľudského kapitálu v kontexte stratégie Európa 2020

Ľudský kapitál tvoria zručnosti, kompetencie a atribúty zakotvené v jednotlivcoch, ktoré napomáhajú vytváraniu osobnej, sociálnej a ekonomickej prosperity. Ľudský kapitál, vzdelávanie a požiadavky trhu práce. Štruktúra nezamestnanosti mladých ľudí v EÚ. Iniciatívy Európskej únie - podpora zamestnano...

Full description

Saved in:
Bibliographic Details
Main Author: Vidová, Jarmila, 1967-
Format: Book Chapter
Language:Slovak
Subjects:
Tags: Add Tag
No Tags, Be the first to tag this record!

MARC

LEADER 00000nla a2200000 4500
001 0172117
005 20240502072942.5
041 0 |a slo 
044 |a SK 
245 1 0 |a Význam ľudského kapitálu v kontexte stratégie Európa 2020  |c Jarmila Vidová 
520 |a Ľudský kapitál tvoria zručnosti, kompetencie a atribúty zakotvené v jednotlivcoch, ktoré napomáhajú vytváraniu osobnej, sociálnej a ekonomickej prosperity. Ľudský kapitál, vzdelávanie a požiadavky trhu práce. Štruktúra nezamestnanosti mladých ľudí v EÚ. Iniciatívy Európskej únie - podpora zamestnanosti mládeže. 
610 2 0 |a kapitál ľudský 
610 2 0 |a vzdelávanie 
610 2 0 |a trh práce 
610 2 0 |a nezamestnanosť 
610 2 0 |a mládež 
610 2 0 |a Európska únia 
100 1 |a Vidová, Jarmila, 1967-